Countries by Clue - Statistics

General Stats
  • This quiz has been taken 3,665 times
  • The average score is 11 of 14
Answer Stats
Clue Country % Correct
Cafes, Riviera, The Louvre France
98%
Pantanal, Amazon, Statue of Christ the Redeemer Brazil
97%
Taj Mahal, Ganges, Himalayas India
97%
Mount Fuji, Himeji-Jo, Sashimi Japan
97%
Harry Potter, Cliffs of Dover, Westminster Abbey United Kingdom
95%
Cigars, Embargo, Fidel Castro Cuba
94%
Kim Jong-Il, Ryugyong Hotel, Hamhung North Korea
91%
Teotihuacan, Baja California, Oaxaca Mexico
90%
Eyjafjallajokull, Hallgrimskirkja, Vatnajokull Iceland
78%
Hagia Sophia, Blue Mosque, Izmir Turkey
77%
Toussaint Louverture, Earthquake, Hispaniola Haiti
75%
Habitat 67, Yoho, CN Tower Canada
72%
Shwedagon Pagoda, Than Shwe, Irrawaddy River Myanmar
46%
Tsavo, Rift Valley, Mwai Kibaki Kenya
42%
No matching quizzes found
Score Distribution
Percent of People with Each Score
Percentile by Number Answered
Your Score History
You have not taken this quiz